The internal structure of positive and negative affect : A confirmatory factor analysis of the PANAS /

Na minha lista:
Detalhes bibliográficos
Autor principal: Tuccitto, Daniel E.
Outros Autores: Giacobbi, Peter R., Jr., Leite, Walter L.
Formato: Artigo
Idioma:English
Assuntos:
CFA
Tags: Adicionar Tag
Sem tags, seja o primeiro a adicionar uma tag!
Thư viện lưu trữ: Thư viện Trường Đại học Đà Lạt
LEADER 01004nam a2200313 4500
001 DLU110130295
005 ##20111223
040 # # |a DLU  |b eng 
041 # # |a eng 
044 # # |a us 
100 # # |a Tuccitto, Daniel E. 
245 # # |a The internal structure of positive and negative affect : A confirmatory factor analysis of the PANAS /  |c Daniel E. Tuccitto, Peter R. Giacobbi, Jr. Walter L. Leite. 
653 # # |a Affect dimensions 
653 # # |a CFA 
653 # # |a Measurement validity 
653 # # |a Mood content categories 
653 # # |a PANAS 
700 # # |a Giacobbi, Peter R.,  |c Jr. 
700 # # |a Leite, Walter L. 
773 # # |t Educational and Psychological Measurement  |g Vol. 70, no. 1 (February 2010), p. 125-141 
920 # # |a Phòng Tạp chí -- Trung tâm Thông tin - Thư viện Trường Đại học Đà Lạt 
994 # # |a DLU 
900 # # |a True 
911 # # |a Trương Bảo Trâm Anh 
925 # # |a G 
926 # # |a A 
927 # # |a BB 
980 # # |a Thư viện Trường Đại học Đà Lạt